000 01128nam a22003377a 4500
003 CHAP
005 20220329141132.0
008 971010s1971 r 00010 d
010 _a63174
011 _a64146
035 _a69390
040 _cCHAP
082 _a516.57
_bA9Y
100 0 0 _aAyres, Frank, Jr.
_99022
245 _aTeoría y problemas de geometría proyectiva
260 _aMéxico, D. F. :
_bMcGraw-Hill,
_c1971
300 _a243 p.
490 _aSerie de compendios Shaum
590 _aBATCH-UPD
_b10
_c20130110
_lUCH01
_h0433
590 _aBATCH-UPD
_b10
_c20130110
_lUCH01
_h2331
590 _aBATCH-UPD
_b10
_c20130410
_lUCH01
_h0109
590 _aBATCH-UPD
_b10
_c20130914
_lUCH01
_h0502
590 _aCONVERSION
_b10
_c20130109
_lUCH01
_h1334
650 1 4 _aGeometría proyectiva.
_947659
830 0 _aSerie de compendios Shaum
_9104696
901 _aBK
942 _cLIBRO
949 _a516.57 A9Y
_bBC
_cLIBRO
_d33724000144390
_eLIBRO
_fc.3
_h46069
_i69390
_si
949 _a516.57 A9Y
_bBC
_cLIBRO
_d33724000144648
_eLIBRO
_h34899
_i69390
_si
949 _a516.57 A9y
_bBC
_cLIBRO
_d33724000144655
_eLIBRO
_fc.2
_i69390
_si
999 _c63174
_d63174